| 000 | 01317nam a2200229 a 4500 | ||
|---|---|---|---|
| 999 |
_c49486 _d49486 |
||
| 001 | 49486 | ||
| 003 | Mx-PuUPA | ||
| 005 | 20190617090815.0 | ||
| 008 | 140415s2005 mx 000 0 spa d | ||
| 020 | _a9709833278 | ||
| 040 | _cMx-PuUPA | ||
| 041 | _aspa | ||
| 082 |
_a305 _bMEM |
||
| 100 | 1 | _aCONSEJO NACIONAL PARA PREVENIR LA DISCRIMINACION (MEXICO) | |
| 245 | 1 | 0 |
_aMEMORIAS DEL FORO INTERNACIONAL SOBRE LA NO-DISCRIMINACION : _bLOS DESAFIOS ECONOMICOS, FISCALES Y JUDICIALES DE LA IMPLEMENTACION DE LEYES ANTI-DISCRIMINACION EN LATINOAMERICA Y EL CARIBE |
| 250 | _a1a ed. | ||
| 260 |
_aMEXICO : _bCONSEJO NACIONAL PARA PREVENIR LA DISCRIMINACION, _c2005 |
||
| 300 |
_a157 _c16.7 x 1.7 x 20 |
||
| 520 | _aTODOS SABEMOS QUE EL PROBLEMA DE LA DISCRIMINACION ES VASTO Y URGENTE, RESULTA MENOS CLARO DETERMINAR COMO DEBE ATACARSELE. LA APRESURADA BUENA VOLUNTAD INDIVIDUAL SE SUELE INCLINAR A PRACTICAS ASISTENCIALES, CUANDO NO A CHISPAZOS DE CORTA VIDA ORIENTADOS A SUBSANAR CASOS AISLADOS, POR CARIDAD O MISERICORDIA. MAS REFLEXIVA MAS DIFICIL, LA CREACION DE ORGANIZACIONES POR LA SOCIEDAD CIVIL HA CUMPLIDO UN PAPEL EXTRAORDINARIO, LEGITIMO E INDISPENSABLE EN LA TAREA DE DISMINUIR LA DISCRIMINA | ||
| 650 | 1 | 4 |
_aDISCRIMINACION _xAMERICA LATINA _xCONGRESOS _xDISCRIMINACION _xCARIBE _xCONGRESOS |
| 942 |
_2ddc _cLI |
||